00365nam a22001217a 4500003000400000020001800004082001800022100001800040245006500058260007500123300001000198650003500208SGT a9780323354479 a617.695bC15D a Daniel Perez aContemporary Management of Temporomandibular Joint Disorders aPhiladelphia, United StatesbElsevier - Health Sciences Divisionc2015 a1-173 aOral and Maxillofacial Surgery